|
|
|
|
| LEADER |
00000nam0a2200000 4500 |
| 001 |
196772 |
| 005 |
20231031183246.0 |
| 035 |
|
|
|a (RuTPU)RU\TPU\book\214651
|
| 090 |
|
|
|a 196772
|
| 100 |
|
|
|a 20110528d1936 k y0rusy50 ca
|
| 101 |
0 |
|
|a rus
|
| 102 |
|
|
|a RU
|
| 105 |
|
|
|a a z 000zy
|
| 200 |
1 |
|
|a Параболические прожекторы
|f И. Б. Левитин
|g под ред. В. В. Новикова
|
| 210 |
|
|
|a Ленинград
|a Москва
|c Госэнергоиздат
|d 1936
|
| 215 |
|
|
|a 216 с.
|c ил.
|
| 610 |
1 |
|
|a параболические прожекторы
|
| 610 |
1 |
|
|a отражающая оптика
|
| 610 |
1 |
|
|a эволюция
|
| 610 |
1 |
|
|a параболические отражатели
|
| 610 |
1 |
|
|a источники света
|
| 610 |
1 |
|
|a свойства
|
| 610 |
1 |
|
|a нагревание
|
| 610 |
1 |
|
|a прожекторные отражатели
|
| 610 |
1 |
|
|a изготовление
|
| 610 |
1 |
|
|a конечный эффект
|
| 610 |
1 |
|
|a световые потоки
|
| 610 |
1 |
|
|a теория
|
| 675 |
|
|
|a 628.94
|v 3
|
| 700 |
|
1 |
|a Левитин
|b И. Б.
|
| 702 |
|
1 |
|a Новиков
|b В. В.
|4 340
|
| 801 |
|
1 |
|a RU
|b 63413507
|c 20110528
|
| 801 |
|
2 |
|a RU
|b 63413507
|c 20140113
|g RCR
|
| 942 |
|
|
|c BK
|